[Event "Mitropa Cup 21st"]
[Site "Leipzig"]
[Date "2002.05.05"]
[Round "3.1"]
[White "Kalod, Radek"]
[Black "Stevic, Hrvoje"]
[Result "1/2-1/2"]
[WhiteElo "2472"]
[BlackElo "2523"]
[PlyCount "48"]
[EventDate "2002.05.03"]
[EventType "team-tourn"]
[EventRounds "9"]
[EventCountry "GER"]
[Source "ChessBase"]
[SourceDate "2002.08.12"]
[WhiteTeam "Czech Republic"]
[BlackTeam "Croatia"]
[WhiteTeamCountry "CZE"]
[BlackTeamCountry "CRO"]

1. e4 e5 2. Nf3 Nc6 3. Bb5 a6 4. Ba4 Nf6 5. O-O Be7 6. Re1 b5 7. Bb3 d6 8. c3
O-O 9. h3 Nb8 10. d4 Nbd7 11. Nbd2 Bb7 12. a4 c5 13. Bc2 cxd4 14. cxd4 bxa4 15.
Rxa4 Bc6 16. Ra3 Bb5 17. Rae3 Qb6 18. Nb1 Rfc8 19. Nc3 Bf8 20. Nxb5 axb5 21.
Ra3 Rxa3 22. bxa3 exd4 23. Nxd4 g6 24. Nf3 Ne5 1/2-1/2

[Event "Mitropa Cup 21st"]
[Site "Leipzig"]
[Date "2002.05.05"]
[Round "3.2"]
[White "Golubovic, Boris"]
[Black "Gross, David"]
[Result "1-0"]
[WhiteElo "2462"]
[BlackElo "2472"]
[PlyCount "51"]
[EventDate "2002.05.03"]
[EventType "team-tourn"]
[EventRounds "9"]
[EventCountry "GER"]
[Source "ChessBase"]
[SourceDate "2002.08.12"]
[WhiteTeam "Croatia"]
[BlackTeam "Czech Republic"]
[WhiteTeamCountry "CRO"]
[BlackTeamCountry "CZE"]

1. d4 Nf6 2. c4 g6 3. Nf3 Bg7 4. g3 O-O 5. Bg2 c6 6. Nc3 d6 7. O-O Qa5 8. e4
Bg4 9. h3 Bxf3 10. Bxf3 Nfd7 11. Be3 a6 12. Rc1 c5 13. e5 cxd4 14. Bxd4 dxe5
15. Be3 Nc5 16. Nd5 Nc6 17. b4 Nxb4 18. Bd2 Ncd3 19. Rb1 Qxa2 20. Nxb4 Nxb4 21.
Bxb4 Qxc4 22. Bxe7 Rfe8 23. Bd5 Qd4 24. Rxb7 Rab8 25. Bxf7+ Kh8 26. Qb3 1-0

[Event "Mitropa Cup 21st"]
[Site "Leipzig"]
[Date "2002.05.05"]
[Round "3.3"]
[White "Cvek, Robert"]
[Black "Kovacevic, Blazimir"]
[Result "1-0"]
[WhiteElo "2430"]
[BlackElo "2461"]
[PlyCount "71"]
[EventDate "2002.05.03"]
[EventType "team-tourn"]
[EventRounds "9"]
[EventCountry "GER"]
[Source "ChessBase"]
[SourceDate "2002.08.12"]
[WhiteTeam "Czech Republic"]
[BlackTeam "Croatia"]
[WhiteTeamCountry "CZE"]
[BlackTeamCountry "CRO"]

1. Nf3 d5 2. b3 Bg4 3. Bb2 Bxf3 4. gxf3 Nf6 5. e3 e6 6. f4 g6 7. c4 Bg7 8. Bg2
c6 9. O-O O-O 10. d4 Ne8 11. Nd2 Nd6 12. Ba3 Re8 13. Bxd6 Qxd6 14. c5 Qe7 15.
b4 a5 16. a3 axb4 17. axb4 Rxa1 18. Qxa1 Na6 19. Qb2 g5 20. fxg5 e5 21. dxe5
Bxe5 22. Qb3 Bg7 23. Nf3 Nc7 24. Qd3 Qe4 25. Qxe4 Rxe4 26. Rb1 Bc3 27. Bh3 Ne6
28. b5 Rc4 29. bxc6 bxc6 30. Bxe6 fxe6 31. Rb7 e5 32. Re7 Rg4+ 33. Kf1 e4 34.
h3 exf3 35. hxg4 Bb4 36. Rc7 1-0

[Event "Mitropa Cup 21st"]
[Site "Leipzig"]
[Date "2002.05.05"]
[Round "3.4"]
[White "Brkic, Ante"]
[Black "Rasik, Vitezslav"]
[Result "1/2-1/2"]
[WhiteElo "2306"]
[BlackElo "2424"]
[PlyCount "105"]
[EventDate "2002.05.03"]
[EventType "team-tourn"]
[EventRounds "9"]
[EventCountry "GER"]
[Source "ChessBase"]
[SourceDate "2002.08.12"]
[WhiteTeam "Croatia"]
[BlackTeam "Czech Republic"]
[WhiteTeamCountry "CRO"]
[BlackTeamCountry "CZE"]

1. e4 c5 2. Nf3 a6 3. c4 d6 4. d4 cxd4 5. Nxd4 Nf6 6. Nc3 e6 7. Be2 Qc7 8. O-O
b6 9. Be3 Bb7 10. f3 Be7 11. Rc1 O-O 12. Qe1 Nbd7 13. Qf2 Rac8 14. Rfd1 Rfd8
15. b4 Qb8 16. Nb3 d5 17. cxd5 exd5 18. Nxd5 Nxd5 19. Rxc8 Rxc8 20. exd5 Bxb4
21. Nd4 Bd6 22. Qh4 Ne5 23. Nf5 Ng6 24. Qd4 Bxh2+ 25. Kh1 Be5 26. Qxb6 Qc7 27.
Qxc7 Rxc7 28. d6 Rd7 29. Rb1 h5 30. Rb6 Bd5 31. Bc5 Bxa2 32. Rxa6 Be6 33. Ne7+
Kh7 34. Bd3 Kh6 35. Be4 Bxd6 36. Nf5+ Bxf5 37. Bxf5 Bxc5 38. Bxd7 f6 39. Be8
Ne5 40. f4 Nd3 41. g3 h4 42. Bb5 Nf2+ 43. Kg2 hxg3 44. Rc6 Be3 45. Kxg3 g5 46.
f5 Bd4 47. Re6 g4 48. Be8 Kg5 49. Bd7 Nh1+ 50. Kg2 Nf2 51. Kg3 Nh1+ 52. Kg2 Nf2
53. Kg3 1/2-1/2

[Event "Mitropa Cup 21st"]
[Site "Leipzig"]
[Date "2002.05.05"]
[Round "3.1"]
[White "Pira, Davoud"]
[Black "Borgo, Giulio"]
[Result "0-1"]
[WhiteElo "2434"]
[BlackElo "2418"]
[PlyCount "76"]
[EventDate "2002.05.03"]
[EventType "team-tourn"]
[EventRounds "9"]
[EventCountry "GER"]
[Source "ChessBase"]
[SourceDate "2002.08.12"]
[WhiteTeam "France"]
[BlackTeam "Italy"]
[WhiteTeamCountry "FRA"]
[BlackTeamCountry "ITA"]

1. Nf3 Nf6 2. b3 c5 3. Bb2 e6 4. e3 b6 5. d4 Bb7 6. Bd3 Be7 7. O-O O-O 8. c4
cxd4 9. exd4 d6 10. Nbd2 Nbd7 11. Rc1 Re8 12. Re1 Bf8 13. Bb1 g6 14. Rc3 Bg7
15. Ng5 d5 16. Rh3 Qc7 17. Ngf3 Rad8 18. Qe2 Ba6 19. Qe3 dxc4 20. bxc4 Bxc4 21.
Rc1 b5 22. Qg5 Qd6 23. Qh4 Qb4 24. Nxc4 bxc4 25. Bc3 Qa3 26. Bd2 Qb2 27. Bg5 e5
28. dxe5 Nxe5 29. Rf1 Nxf3+ 30. Rxf3 Qe2 31. Re3 Rxe3 32. fxe3 Rd1 33. Qf2
Qxf2+ 34. Kxf2 Rxf1+ 35. Kxf1 Nd5 36. Ke2 Nc3+ 37. Kd2 Nxb1+ 38. Kc2 Na3+ 0-1

[Event "Mitropa Cup 21st"]
[Site "Leipzig"]
[Date "2002.05.05"]
[Round "3.2"]
[White "Sarno, Spartaco"]
[Black "Touzane, Olivier"]
[Result "1-0"]
[WhiteElo "2399"]
[BlackElo "2352"]
[Annotator "Ribli"]
[PlyCount "73"]
[EventDate "2002.05.03"]
[EventType "team-tourn"]
[EventRounds "9"]
[EventCountry "GER"]
[Source "ChessBase"]
[SourceDate "2002.08.12"]
[WhiteTeam "Italy"]
[BlackTeam "France"]
[WhiteTeamCountry "ITA"]
[BlackTeamCountry "FRA"]

1. c4 Nf6 2. Nc3 g6 3. g3 Bg7 4. Bg2 O-O 5. Nf3 d6 6. O-O Nc6 7. d3 {Dieser
genügsam wirkende Zug führt zu weniger konkretem Spiel als 7.d4. In der Folge
zieht Weiß sein Spiel gewöhnlich mit b2 - b4 am Damenflügel auf, während
Schwarz seine Chance am Königsflügel oder im Zentrum sucht.} (7. d4 {Dieser
Zug führt zur Königsindischen Verteidigung (g3 - Variante), in der Schwarz
hauptsächlich mit 7...a6 oder 7... e5 fortsetzt.}) 7... e5 8. Rb1 a5 {Schwarz
verhindert b2 - b4, aber nach 9.a3 kann Weiß trotzdem diesen Bauernvorstoß
spielen. Dafür bekommt Schwarz im Gegenzug aber die offene a-Linie.} 9. a3 h6 {
Dieser prophylaktische Zug ist eine gute Wahl. Weiß kann nun nicht mehr Bg5
oder Ng5 ziehen.} (9... Re8 10. Bg5 h6 11. Bxf6 Bxf6 12. b4 axb4 13. axb4 $14)
(9... Nd4) 10. b4 axb4 11. axb4 Be6 12. b5 Ne7 (12... Nd4 13. Nd2) 13. Bb2 (13.
Qb3 {[%cal Gc1a3,Ga3f8]}) 13... Qd7 14. Re1 {Das ist ein für solche Stellungen
typischer Turmzug. - Weiß möchte den Läufertausch vermeiden.} (14. Nd2 Rab8 15.
Re1 Bh3 16. Bh1 Ng4) 14... Bh3 15. Bh1 {Der weißfeldrige Läufer ist die
Schlüsselfigur im weißen Spiel - er verteidigt den weißen Königsflügel und
unterstützt den weißen Vorstoß am Damenflügel.} Ng4 16. Qb3 (16. d4 Qe6 {
Schwarz nutzt die Schwäche des Pc4, um den Zug 17.d5 zu provozieren.} 17. Qd3 (
17. d5 $6 Qd7 18. Bg2 Bxg2 19. Kxg2 f5 $15) (17. dxe5) 17... c6 18. e4 exd4 19.
Nxd4 Ne5 20. Nxe6 Nxd3 21. Nxg7 Kxg7 22. Red1 Nxb2 23. Rxb2 Ra3 24. Ne2 Be6 25.
Rc1 $11) 16... Kh8 {Schwarz verbessert - natürlich - seine frühere Spielweise.
Nach 16...Kh7 17.Ne4! befindet sich Schwarz in großer Not, denn es droht 18.
Neg5+. Auf h8 hingegen steht der König gut.} (16... Kh7 17. Ne4 $1 Qf5 18. b6
Qh5 19. bxc7 f5 20. Nxd6 f4 21. Qxb7 fxg3 22. hxg3 Bf1 23. Nh4 g5 24. Qe4+ Kg8
25. Bf3 Bh3 26. Bxg4 Bxg4 27. Ng2 Ra6 28. Bxe5 {1-0 Anand,V-Touzane,O/Moscow
2001/CBM 86 (35)}) 17. Ra1 {Ein typisches Motiv - am Ende ist es Weiß, der
sich die Herrschaft über die a-Linie verschafft.} (17. Nd5 Nxd5 18. cxd5 b6 19.
Qc4 (19. Rec1 f5 20. Rc6 g5 21. Rbc1 Ra7 22. Qc4 Rf7 23. Bg2 Bxg2 24. Kxg2 Re7
25. e4 {1-0 Wesseln,K-Rudolf,H/Germany 1999/GER-chT (79)}) 19... f5 20. Rec1
Rac8 21. Ra1 f4 22. Ra7 Rf7 23. Bg2 Bxg2 24. Kxg2 g5 25. Qc6 Qf5 26. Ra8 {1/
2-1/2 Vaganian,R-Wahls,M/Germany 1992/EXT 97-B (48)}) 17... Rab8 (17... Rxa1
18. Rxa1 $14) (17... f5 $5) 18. Nd5 Nxd5 $6 {Dieser Zug gefällt mir nicht -
danach bekommt Weiß starken Druck auf der c-Linie. Meiner Meinung wäre es
besser, die Spannung mit 18...f5 aufrecht zu erhalten.} (18... f5 $5 19. Rec1
c5 20. Nd2 h5 21. Qa4 Nxd5 22. cxd5 Bh6 $40 {0-1 Alvarez Ibarra,R-Comas
Fabrego,L/Zaragoza 1995/EXT 97 (40)}) 19. cxd5 {[%csl Gb5,Gd5] Die Bauern auf
b5 und d5 verschaffen Weiß spürbaren Druck am Damenflügel.} f5 20. Rec1 {[%cal
Gc1c7] Der Angriffspunkt in der schwarzen Stellung ist der Pc7.} f4 21. Ra4 $1
{[%csl Rc7][%cal Ga4c4,Gc1c7,Gc4h4] Der Turm steht ausgezeichnet auf a4 - es
droht die Turmverdopplung mit Rac4, und außerdem kann der Turm auf der 4.Reihe
bei der Verteidigung aushelfen.} g5 22. Rac4 fxg3 23. hxg3 Qf7 $2 {[%cal Gf7h5]
Schwarz ist optimistisch - er kümmert sich nicht um die Verteidigung des Pc7,
sondern setzt auf sofortigen Angriff.} (23... Rbc8 24. b6 $36) 24. Rxc7 Qh5 25.
Qb4 {[%csl Gb4][%cal Gb4d6,Gb4e1]} Bf1 {Das ist in der Tat ein schöner Zug,
aber auch nicht mehr.} 26. Qe1 $1 $16 {Schwarz scheint - auf den ersten Blick
- starken Angriff am Königsflügel zu haben, aber nach diesem ausgezeichnetem
Verteidigungszug, hat er keine konkreten Drohungen und muss die Partie mit
einem Bauern im Rückstand fortsetzen.} Kg8 (26... Rxf3 27. Bxf3 $18 (27. exf3
Qh2+ 28. Kxf1 Qxh1+ 29. Ke2 $18)) 27. b6 (27. Qxf1 $2 Rxf3 $19) (27. R1c4 $16)
27... Rbe8 28. R1c4 {Jetzt droht schon 29.Rxg4 - oder 29.Qxf1 Rxf3 30.Rxg4.}
Bh3 {Schwarz hat nichts besseres, er muss seinen Läufer zurückziehen.} 29. Rxb7
$18 {Weiß hat zwei Bauern mehr. Er kann sich leicht gegen die schwarzen
Drohungen verteidigen.} Bh8 {Schwarz bereitet 30...e4 vor, um noch etwas im
Trüben zu fischen.} 30. Rcc7 Bf1 {Der Läufer erscheint wieder auf f1 - die
Situation ist aber ähnlich wie zuvor: Weiß kann nicht auf f1 nehmen, aber es
droht auch nichts.} (30... e4 31. Rg7+ $18) 31. Re7 (31. Qxf1 $2 Rxf3 $19)
31... Rxe7 (31... Ra8) 32. Rxe7 e4 33. Rxe4 (33. Bxh8 exf3 (33... Rxf3 34. Bxf3
(34. exf3 Qh2+ 35. Kxf1 Qxh1+ 36. Ke2 Qxf3+ 37. Kd2 Qxd3+ 38. Kc1 $18) 34...
exf3 35. exf3 $18) 34. Bxf3 Rxf3 35. exf3 $18) 33... Bxb2 (33... Rxf3 34. Bxf3
$18 (34. exf3 $18)) 34. Qxf1 Rxf3 35. Rxg4 Rxd3 (35... Qxg4 36. Bxf3 $18) 36.
Rb4 Bc3 37. b7 {[%cal Rb7b8]} 1-0

[Event "Mitropa Cup 21st"]
[Site "Leipzig"]
[Date "2002.05.05"]
[Round "3.3"]
[White "Dunis, Aurelien"]
[Black "Mantovani, Renzo"]
[Result "1/2-1/2"]
[WhiteElo "2405"]
[BlackElo "2369"]
[PlyCount "108"]
[EventDate "2002.05.03"]
[EventType "team-tourn"]
[EventRounds "9"]
[EventCountry "GER"]
[Source "ChessBase"]
[SourceDate "2002.08.12"]
[WhiteTeam "France"]
[BlackTeam "Italy"]
[WhiteTeamCountry "FRA"]
[BlackTeamCountry "ITA"]

1. e4 c5 2. Nf3 d6 3. Nc3 Nf6 4. d4 cxd4 5. Nxd4 Nc6 6. Be2 Nxd4 7. Qxd4 g6 8.
Bg5 Bg7 9. O-O O-O 10. Qb4 a5 11. Qd4 h6 12. Bh4 a4 13. Nxa4 g5 14. Bg3 Nh5 15.
Qb4 Nxg3 16. hxg3 Qa5 17. Qxa5 Rxa5 18. Nb6 Bxb2 19. Rab1 Bd4 20. Bc4 Re5 21.
Nxc8 Rxc8 22. Bd3 b6 23. Rb4 Bc5 24. Ra4 b5 25. Ra6 b4 26. g4 Kg7 27. g3 h5 28.
gxh5 g4 29. h6+ Kxh6 30. Kg2 Rh5 31. f3 gxf3+ 32. Rxf3 Kg7 33. Rf5 Rch8 34.
Rxh5 Rxh5 35. Ra8 Kf6 36. Rg8 e6 37. Rb8 Kg7 38. Bc4 Rh6 39. Be2 Kf6 40. Rb7
Ke5 41. Rxf7 Kxe4 42. g4 Ke5 43. Rf3 Rg6 44. Rg3 Rg5 45. c3 d5 46. cxb4 Bxb4
47. Rb3 Bd2 48. Rd3 Ba5 49. Ra3 Be1 50. Kf1 Bd2 51. Rd3 Ba5 52. Ra3 Bd2 53. Rd3
Ba5 54. Ra3 Bd2 1/2-1/2

[Event "Mitropa Cup 21st"]
[Site "Leipzig"]
[Date "2002.05.05"]
[Round "3.4"]
[White "Isonzo, Davide"]
[Black "Gozzoli, Yannick"]
[Result "1-0"]
[WhiteElo "2360"]
[BlackElo "2313"]
[PlyCount "89"]
[EventDate "2002.05.03"]
[EventType "team-tourn"]
[EventRounds "9"]
[EventCountry "GER"]
[Source "ChessBase"]
[SourceDate "2002.08.12"]
[WhiteTeam "Italy"]
[BlackTeam "France"]
[WhiteTeamCountry "ITA"]
[BlackTeamCountry "FRA"]

1. e4 e5 2. Nf3 Nc6 3. Bb5 Nf6 4. O-O Nxe4 5. d4 Nd6 6. Bxc6 dxc6 7. dxe5 Nf5
8. Qxd8+ Kxd8 9. Nc3 Ke8 10. Ne2 h6 11. h3 Ne7 12. b3 a5 13. Bb2 Ng6 14. a4 c5
15. Nc3 Be6 16. Nb5 Kd7 17. Nd2 h5 18. f4 Bf5 19. Rac1 h4 20. Nc4 Kc6 21. Ne3
Rh5 22. Rcd1 Be7 23. Nc3 Re8 24. Ne2 Be4 25. Kh2 f6 26. g4 hxg3+ 27. Nxg3 Rxh3+
28. Kxh3 Rh8+ 29. Nh5 Rxh5+ 30. Kg4 Rh4+ 31. Kg3 f5 32. Rd2 Rh6 33. Ng2 Nh4 34.
Ne1 g5 35. Rh2 Rg6 36. fxg5 Rxg5+ 37. Kf2 Rg8 38. Rg1 Rd8 39. Rg7 Bf8 40. Rg8
Rd2+ 41. Kg1 Bh6 42. Rxd2 Bxd2 43. e6 Be3+ 44. Kf1 Kd6 45. Bf6 1-0

[Event "Mitropa Cup 21st"]
[Site "Leipzig"]
[Date "2002.05.05"]
[Round "3.2"]
[White "Berkes, Ferenc"]
[Black "Graf, Alexander"]
[Result "1-0"]
[WhiteElo "2511"]
[BlackElo "2623"]
[PlyCount "79"]
[EventDate "2002.05.03"]
[EventType "team-tourn"]
[EventRounds "9"]
[EventCountry "GER"]
[Source "ChessBase"]
[SourceDate "2002.08.12"]
[WhiteTeam "Hungary"]
[BlackTeam "Germany"]
[WhiteTeamCountry "HUN"]
[BlackTeamCountry "GER"]

1. c4 Nf6 2. Nf3 e6 3. g3 d5 4. Bg2 Be7 5. O-O O-O 6. d4 c5 7. dxc5 Bxc5 8. Nc3
Nc6 9. cxd5 exd5 10. Bg5 d4 11. Bxf6 Qxf6 12. Ne4 Qe7 13. Nxc5 Qxc5 14. Rc1 Qb6
15. Qc2 h6 16. Rfd1 Be6 17. b3 Rad8 18. Rd2 Nb4 19. Qd1 a5 20. h3 Rfe8 21. Nxd4
Nxa2 22. Rcc2 Rxd4 23. Rxd4 Bxb3 24. Rb2 a4 25. Qd2 Qc5 26. Re4 Rxe4 27. Bxe4
Qc1+ 28. Kg2 Qxd2 29. Rxd2 g6 30. Bxb7 Nc3 31. Rd3 Nxe2 32. Rd8+ Kg7 33. Bd5
Kf6 34. Rd7 Nc1 35. Rxf7+ Ke5 36. Bxb3 axb3 37. Rb7 Kd4 38. Rb6 Kc5 39. Rb8 Kc4
40. Rc8+ 1-0

[Event "Mitropa Cup 21st"]
[Site "Leipzig"]
[Date "2002.05.05"]
[Round "3.3"]
[White "Doettling, Fabian"]
[Black "Horvath, Adam"]
[Result "1/2-1/2"]
[WhiteElo "2540"]
[BlackElo "2464"]
[PlyCount "30"]
[EventDate "2002.05.03"]
[EventType "team-tourn"]
[EventRounds "9"]
[EventCountry "GER"]
[Source "ChessBase"]
[SourceDate "2002.08.12"]
[WhiteTeam "Germany"]
[BlackTeam "Hungary"]
[WhiteTeamCountry "GER"]
[BlackTeamCountry "HUN"]

1. d4 d5 2. c4 dxc4 3. e3 Nf6 4. Bxc4 e6 5. Nf3 c5 6. O-O a6 7. dxc5 Qxd1 8.
Rxd1 Bxc5 9. Nbd2 O-O 10. Be2 Rd8 11. b3 b6 12. Bb2 Bb7 13. Nc4 Nbd7 14. Rac1
Bd5 15. Nfe5 Rac8 1/2-1/2

[Event "Mitropa Cup 21st"]
[Site "Leipzig"]
[Date "2002.05.05"]
[Round "3.4"]
[White "Czebe, Attila"]
[Black "Sprenger, Jan Michael"]
[Result "0-1"]
[WhiteElo "2462"]
[BlackElo "2468"]
[PlyCount "76"]
[EventDate "2002.05.03"]
[EventType "team-tourn"]
[EventRounds "9"]
[EventCountry "GER"]
[Source "ChessBase"]
[SourceDate "2002.08.12"]
[WhiteTeam "Hungary"]
[BlackTeam "Germany"]
[WhiteTeamCountry "HUN"]
[BlackTeamCountry "GER"]

1. Nf3 Nf6 2. g3 d5 3. Bg2 Bf5 4. b3 c6 5. Bb2 Nbd7 6. d3 e6 7. Nbd2 Be7 8. O-O
O-O 9. c4 h6 10. a3 a5 11. Bc3 Qc7 12. b4 axb4 13. axb4 e5 14. Qb3 d4 15. Bb2
Be6 16. e3 dxe3 17. fxe3 Qb6 18. h3 Qxe3+ 19. Kh2 e4 20. Rfe1 Qxd3 21. Qxd3
exd3 22. Bc3 Nb6 23. Ra5 Rfd8 24. Nd4 Rxa5 25. bxa5 Na4 26. Nxe6 fxe6 27. Be5
Bb4 28. Rd1 Bxa5 29. Ne4 Nxe4 30. Bxe4 d2 31. Kg2 Bc3 32. Bc2 Bxe5 33. Bxa4 Rd3
34. Rb1 Rxg3+ 35. Kf2 Ra3 36. Bd1 Rxh3 37. Rxb7 Rh1 38. Rb1 Rxd1 0-1

[Event "Mitropa Cup 21st"]
[Site "Leipzig"]
[Date "2002.05.05"]
[Round "3.2"]
[White "Priehoda, Vitezslav"]
[Black "Pavasovic, Dusko"]
[Result "1/2-1/2"]
[WhiteElo "2425"]
[BlackElo "2567"]
[PlyCount "59"]
[EventDate "2002.05.03"]
[EventType "team-tourn"]
[EventRounds "9"]
[EventCountry "GER"]
[Source "ChessBase"]
[SourceDate "2002.08.12"]
[WhiteTeam "Slovakia"]
[BlackTeam "Slovenia"]
[WhiteTeamCountry "SVK"]
[BlackTeamCountry "SLO"]

1. d4 d5 2. c4 e6 3. Nf3 c6 4. Qc2 Nf6 5. g3 dxc4 6. Qxc4 b5 7. Qc2 Bb7 8. Bg2
Nbd7 9. Nc3 c5 10. O-O a6 11. e4 cxd4 12. Nxd4 Rc8 13. Qe2 b4 14. Nd5 Bc5 15.
Nxf6+ Nxf6 16. Nb3 Be7 17. Bf4 O-O 18. Rfd1 Qb6 19. Be3 Qb5 20. Qxb5 axb5 21.
f3 Bc6 22. Rac1 Rfe8 23. Bf1 Bd7 24. Bd4 Red8 25. Bc5 Kf8 26. Rd4 Ra8 27. Bxe7+
Kxe7 28. Rxb4 Rxa2 29. Nd4 Ra4 30. Rxa4 1/2-1/2

[Event "Mitropa Cup 21st"]
[Site "Leipzig"]
[Date "2002.05.05"]
[Round "3.3"]
[White "Mikhalchishin, Adrian"]
[Black "Manik, Mikulas"]
[Result "1/2-1/2"]
[WhiteElo "2535"]
[BlackElo "2410"]
[PlyCount "30"]
[EventDate "2002.05.03"]
[EventType "team-tourn"]
[EventRounds "9"]
[EventCountry "GER"]
[Source "ChessBase"]
[SourceDate "2002.08.12"]
[WhiteTeam "Slovenia"]
[BlackTeam "Slovakia"]
[WhiteTeamCountry "SLO"]
[BlackTeamCountry "SVK"]

1. Nf3 Nf6 2. c4 g6 3. d4 Bg7 4. g3 O-O 5. Bg2 d6 6. O-O Nc6 7. Nc3 a6 8. e4
Bg4 9. Be3 Nd7 10. Ne2 Na5 11. Nd2 c5 12. f3 cxd4 13. Nxd4 e5 14. Nc2 Be6 15.
b3 Nc6 1/2-1/2

[Event "Mitropa Cup 21st"]
[Site "Leipzig"]
[Date "2002.05.05"]
[Round "3.4"]
[White "Kotan, Ladislav"]
[Black "Grosar, Aljosa"]
[Result "1/2-1/2"]
[WhiteElo "2365"]
[BlackElo "2470"]
[PlyCount "129"]
[EventDate "2002.05.03"]
[EventType "team-tourn"]
[EventRounds "9"]
[EventCountry "GER"]
[Source "ChessBase"]
[SourceDate "2002.08.12"]
[WhiteTeam "Slovakia"]
[BlackTeam "Slovenia"]
[WhiteTeamCountry "SVK"]
[BlackTeamCountry "SLO"]

1. e4 Nf6 2. Nc3 d5 3. exd5 Nxd5 4. Bc4 Nb6 5. Bb3 Nc6 6. Qf3 e6 7. Qg3 Nd4 8.
Nf3 Nf5 9. Qe5 Bd6 10. Qe2 O-O 11. Ne4 Nd5 12. Nxd6 Qxd6 13. d4 a5 14. c3 a4
15. Bc2 a3 16. O-O axb2 17. Bxb2 b6 18. Rfe1 Ba6 19. Qe4 Nf6 20. Qe5 Bc4 21. a4
Ra5 22. Qxd6 Nxd6 23. Ne5 Bd5 24. Ba3 Rfa8 25. Bb4 R5a7 26. Rab1 Nc4 27. f3
Nxe5 28. Rxe5 Bc6 29. Ra1 Bxa4 30. Be4 c6 31. Rb1 Nd7 32. Rh5 f5 33. Bd3 g6 34.
Rh4 c5 35. Ba3 Bc2 36. Bxc2 Rxa3 37. Bb3 Nf8 38. d5 Ra1 39. Rxa1 Rxa1+ 40. Kf2
exd5 41. Bxd5+ Kg7 42. g4 Rd1 43. Bc4 Rc1 44. gxf5 gxf5 45. Bd3 Rxc3 46. Bxf5
b5 47. Ke2 Ng6 48. Rg4 Kf6 49. Be4 Ra3 50. h4 Ra7 51. h5 Ne5 52. Rg8 b4 53.
Rf8+ Kg7 54. Rb8 h6 55. Rb5 Rc7 56. Rb6 Re7 57. Kf2 Ng4+ 58. Kg3 Nf6 59. Bg6
Rc7 60. Kh4 Nd5 61. Rd6 Ne7 62. Rb6 c4 63. Rxb4 c3 64. Bc2 Nd5 65. Ra4 1/2-1/2

[Event "Mitropa Cup 21st"]
[Site "Leipzig"]
[Date "2002.05.06"]
[Round "4.1"]
[White "Balinov, Ilija"]
[Black "Beliavsky, Alexander G"]
[Result "0-1"]
[WhiteElo "2460"]
[BlackElo "2660"]
[Annotator "Hecht"]
[PlyCount "110"]
[EventDate "2002.05.03"]
[EventType "team-tourn"]
[EventRounds "9"]
[EventCountry "GER"]
[Source "ChessBase"]
[SourceDate "2002.08.12"]
[WhiteTeam "Austria"]
[BlackTeam "Slovenia"]
[WhiteTeamCountry "AUT"]
[BlackTeamCountry "SLO"]

1. Nf3 Nf6 2. d4 e6 3. c4 Bb4+ 4. Bd2 Qe7 5. g3 Nc6 6. e3 Bxd2+ 7. Nfxd2 O-O 8.
Bg2 e5 9. d5 Nb8 10. Nc3 a5 11. O-O Na6 12. a3 d6 13. Qc2 Bd7 14. Rab1 c6 15.
b4 axb4 16. axb4 c5 17. bxc5 Nxc5 18. Nb3 Ba4 19. Nxa4 Nxa4 20. Bh3 Ra6 21. Ra1
Rfa8 22. Rfb1 Qc7 23. Ra2 Nb6 24. Rxa6 bxa6 25. Nd2 a5 26. Qb3 Nbd7 27. Bxd7
Nxd7 28. Qb7 Qxb7 29. Rxb7 Nc5 30. Rb6 a4 31. Nb1 Kf8 32. Na3 Ke7 33. Kf1 h5
34. f3 g5 35. Ke2 g4 36. Kf2 Nd7 37. Rb7 Rb8 38. Rxb8 Nxb8 {Entfernter
schwarzer Freibauer und bessere schwarze Bauernstruktur.} 39. Ke2 ({Eine
Alternative war} 39. e4 Nd7 40. Ke3 Nc5 41. f4 exf4+ 42. Kxf4 (42. gxf4 $6 {
ermöglicht einen weiteren entfernten Freibauern} h4 43. e5 Nd3 ({oder} 43...
Ne4 44. Kxe4 h3 45. exd6+ Kd8 46. -- g3 $19) 44. Kxd3 $140 g3 45. hxg3 h3 $19)
42... Kf6 {bleibt problematisch wegen der weißen Bauernschwächen, der
Felderschwäche e5 und dem entfernten a-Freibauern.}) 39... Na6 40. fxg4 hxg4
41. Kd2 Nc5 42. Kc3 Ne4+ 43. Kb4 Nd2 44. Kxa4 Nf1 {Der gefährliche a-Bauer ist
beseitigt, dafür geht der Königsflügel über Bord.} 45. Nc2 $2 (45. Kb5 $142 $1
Nxe3 (45... Kd7 46. c5 Nxe3 47. Nc4 $1 $11) (45... Nxh2 $6 46. c5 $1) 46. Kc6
$132) 45... Nxh2 {Ist möglich, weil das aktive c5 samt Sc4 entfällt.} 46. c5
Nf1 47. Kb5 Nxg3 48. c6 Ne4 49. Kc4 (49. Kb6 $142 {mit Bindung der schwarzen
Steine an den c-Bauern}) 49... f5 50. Ne1 f4 51. exf4 exf4 52. Kd4 f3 53. Nd3
f2 54. Nxf2 Nxf2 55. Ke3 g3 0-1

[Event "Mitropa Cup 21st"]
[Site "Leipzig"]
[Date "2002.05.06"]
[Round "4.3"]
[White "Kuba, Guenter"]
[Black "Mohr, Georg"]
[Result "0-1"]
[WhiteElo "2317"]
[BlackElo "2509"]
[PlyCount "134"]
[EventDate "2002.05.03"]
[EventType "team-tourn"]
[EventRounds "9"]
[EventCountry "GER"]
[Source "ChessBase"]
[SourceDate "2002.08.12"]
[WhiteTeam "Austria"]
[BlackTeam "Slovenia"]
[WhiteTeamCountry "AUT"]
[BlackTeamCountry "SLO"]

1. e4 c5 2. Nf3 Nc6 3. Bb5 Na5 4. c3 a6 5. Ba4 b5 6. Bc2 Bb7 7. d4 cxd4 8. Nxd4
e5 9. Nf3 d6 10. O-O Be7 11. a4 Nf6 12. axb5 axb5 13. Qe2 Bc6 14. Rd1 Qb8 15.
Na3 Nc4 16. b3 Nxa3 17. Bxa3 Qb7 18. Bb4 Rxa1 19. Rxa1 O-O 20. Nd2 Nd7 21. f3
Ra8 22. Rxa8+ Qxa8 23. Nf1 Nc5 24. Ne3 g6 25. Qd1 Qa7 26. Kf2 Qa2 27. Kf1 Kg7
28. Nd5 Bh4 29. g3 Bg5 30. Ke1 Bxd5 31. exd5 Qa7 32. Kf1 f5 33. Bxc5 Qxc5 34.
Qd3 Qa3 35. Bd1 Qc1 36. Qc2 Qe3 37. Qe2 Qc1 38. Qc2 Qa1 39. c4 bxc4 40. bxc4
Be3 41. Kg2 Bc5 42. Qe2 Qd4 43. Qf1 h5 44. Be2 g5 45. Bd1 Qe3 46. h3 h4 47. Be2
Bd4 48. g4 fxg4 49. hxg4 e4 50. Kh1 exf3 51. Bxf3 Be5 52. Be2 Qg3 53. Qg2 Qf4
54. Qh3 Qd2 55. Bf1 Qf2 56. Qg2 Qf4 57. Qh3 Kf6 58. Be2 Ke7 59. Bf1 Kd8 60. Be2
Kc7 61. Bf1 Qd2 62. Qg2 Qd4 63. Qf3 Qb2 64. Qe2 Qc1 65. Qf3 Qe1 66. Qe2 Qg3 67.
Qg2 Qf4 0-1